[Berzeviczy Márton, 1538-1596] erdélyi évei /

Elmentve itt :
Bibliográfiai részletek
Szerző: Veress Endre
Dokumentumtípus: Cikk
Megjelent: 1911
Sorozat:Kolligátum
Kulcsszavak:Berzeviczy Márton, Magyarország története - 16. sz. - életrajz
Online Access:http://misc.bibl.u-szeged.hu/25909
LEADER 00592nab a2200169 i 4500
001 misc25909
005 20191111110543.0
008 171120s1911 hu o 0|| zxx d
040 |a SZTE Miscellanea Repozitórium  |b hun 
041 |a zxx 
100 1 |a Veress Endre 
245 1 0 |a [Berzeviczy Márton, 1538-1596]   |h [elektronikus dokumentum] :  |b erdélyi évei /  |c  Veress Endre 
260 |c 1911 
300 |a 67-96 
490 0 |a Kolligátum 
695 |a Berzeviczy Márton, Magyarország története - 16. sz. - életrajz 
856 4 0 |u http://misc.bibl.u-szeged.hu/25909/1/018_006_067-096.pdf  |z Dokumentum-elérés